|
|
|
|
| LEADER |
01640nam a2200313 a 4500 |
| 001 |
9748 |
| 003 |
BD-DhAAL |
| 008 |
091029r20032002 bg b 001 0 eng d |
| 999 |
|
|
|c 5408
|d 5408
|
| 010 |
|
|
|a 2002295362
|
| 020 |
|
|
|a 984320101264
|
| 020 |
|
|
|a 9843201264
|
| 040 |
|
|
|a DLC
|c DLC
|d DLC
|d BD-DhAAL
|
| 082 |
0 |
0 |
|a 342.5492
|2 21
|
| 100 |
1 |
|
|a Islam, Mahmudul.
|9 49968
|
| 245 |
1 |
0 |
|a Constitutional law of Bangladesh /
|c Mahmudul Islam.
|
| 250 |
|
|
|a Second edition
|
| 260 |
|
|
|a Dhaka :
|b Mullick Brothers,
|c 2002 [reprinted 2003, 2006].
|
| 300 |
|
|
|a c, 848 pages ;
|c 22 cm.
|
| 504 |
|
|
|a Includes bibliographical references and index.
|
| 541 |
1 |
|
|e 9748, 39110
|a Donated By Akbar Ali Khan
|
| 650 |
|
0 |
|a Constitutional law
|z Bangladesh.
|9 49969
|
| 710 |
1 |
|
|a Bangladesh.
|t Saṃbidhāna.
|9 49970
|
| 852 |
4 |
|
|a Ayesha Abed Library
|c General Stacks
|
| 942 |
0 |
0 |
|0 3
|2 ddc
|c BK
|
| 952 |
|
|
|0 0
|1 4
|2 ddc
|4 0
|6 342_549200000000000_ISL
|7 0
|9 5279
|a BRACUL
|b BRACUL
|c GEN
|d 2009-11-11
|g 0.00
|l 1
|o 342.5492 ISL
|p 3010009748
|r 2010-05-24
|s 2010-05-19
|t 1
|w 2009-11-11
|y BK
|x No price found in the accession register.
|
| 952 |
|
|
|0 0
|1 0
|2 ddc
|4 0
|6 342_549200000000000_ISL_2003
|7 0
|9 8910
|a BRACUL
|b BRACUL
|c GEN
|d 2010-03-31
|l 47
|m 241
|o 342.5492 ISL
|p 3010009751
|q 2026-05-18
|r 2026-02-01
|s 2026-02-01
|t 2
|w 2010-03-31
|y BK
|
| 952 |
|
|
|0 0
|1 0
|2 ddc
|4 0
|6 342_549200000000000_ISL_2003
|7 0
|9 8911
|a BRACUL
|b BRACUL
|c GEN
|d 2010-03-31
|l 29
|m 198
|o 342.5492 ISL
|p 3010009752
|q 2025-10-20
|r 2025-02-10
|s 2025-02-10
|t 3
|w 2010-03-31
|y BK
|
| 952 |
|
|
|0 0
|1 0
|2 ddc
|4 0
|6 342_549200000000000_ISL
|7 1
|9 71283
|a BRACUL
|b BRACUL
|c AAKC
|d 2022-07-19
|e Donated by Akbar Ali Khan
|l 0
|o 342.5492 ISL
|p 3010039110
|r 2024-04-18
|t 4
|w 2022-07-19
|y BK
|